banner-ar

SCRIPTS / (Record no. 5760)

MARC details
000 -الفاتح
حقل البيانات ثابتة الطول 00488nam a2200193Ia 4500
008 - عناصر البيانات ثابتة الطول - معلومات عامة
حقل البيانات ثابتة الطول 140319s9999 xx 000 0 eng d
040 ## - مصدر الفهرسة
وكالة الفهرسة الأصلية GCL /
وكالة النسخ GCL
082 04 - رقم تصنيف ديوى العشرى
رقم التصنيف 411
رقم المادة B S
100 1# - المدخل الرئيسى - إسم شخصى
الإسم الشخصى BERGGREN, OLAF
245 10 - بيان العنوان
العنوان SCRIPTS /
بيان المسئوليه,etc BERGGREN, OLAF
260 ## - PUBLICATION, DISTRIBUTION, ETC. (IMPRINT)
تاريخ النشر أو التوزيع 2002
300 ## - الوصف المادى
التعداد 32 CM ؛
أبعاد الوعاء 177 P
650 04 - المدخل الاضافى بالموضوع-مصطلح موضوعى
مصطلح موضوعي ALPHABET
650 04 - المدخل الاضافى بالموضوع-مصطلح موضوعى
مصطلح موضوعي WRITING
650 04 - المدخل الاضافى بالموضوع-مصطلح موضوعى
مصطلح موضوعي LANGUAGE AND LANGUAGES
650 04 - المدخل الاضافى بالموضوع-مصطلح موضوعى
مصطلح موضوعي PALEGRAPHY
942 ## - عناصر المدخل الإضافي( كوها)
مصدر التصنيف او مخطط الترفيف Dewey Decimal Classification
Koha [default] item type كتاب
260 ## - PUBLICATION, DISTRIBUTION, ETC. (IMPRINT)
-- القاهرة :
-- LIBRARY OF ALEXANDRIA ،
Holdings
حالة التراجع حالة الفقد حالة تلف ليس للاعارة المكان المؤقت الموقع الحالى تاريخ الاكتساب اجمالي اﻻعارات رقم الطلب الباركود تاريخ اخر مشاهدة تاريخ تفعيل السعر نوع وعاء كوها
        مكتبة القاهرة الكبرى مكتبة القاهرة الكبرى 03/26/2014   411\B S 12194 03/26/2014 03/26/2014 كتاب

Powered By

EGPV